<Les> Services publics économiques cours professé a l'école supérieure d'organisation professionelle

Salvato in:
Dettagli Bibliografici
Autore principale: Gulmann, Henri
Natura: Libro
Lingua:francese
Pubblicazione: Paris Presses Universitaires de France 1943
Tags: Aggiungi Tag
Nessun Tag, puoi essere il primo ad aggiungerne!!

MARC

LEADER 00000nam a2200000 4500
001 c126566
005 20041019155238.3
041 0 |a fre 
044 |a FR 
245 1 0 |a <Les> Services publics économiques  |b cours professé a l'école supérieure d'organisation professionelle  |c Henri Gulmann 
264 1 |a Paris  |b Presses Universitaires de France  |c 1943 
300 |a 303 s. 
100 1 |a Gulmann, Henri